Mortalidad asociada a tuberculosis en pacientes diabéticos notificados al INS de Colombia durante los años 2019-2021 / (Registro nro. 4626)

Detalles MARC
000 -LEADER
fixed length control field 01920nam a2200241 4500
005 - DATE AND TIME OF LATEST TRANSACTION
control field 20250329165444.0
008 - FIXED-LENGTH DATA ELEMENTS--GENERAL INFORMATION
fixed length control field 190415s2024 000 0 eng d
040 ## - CATALOGING SOURCE
Original cataloging agency CO-CtgCURN
Language of cataloging spa
Transcribing agency coctgcurn
082 0# - DEWEY DECIMAL CLASSIFICATION NUMBER
Classification number INQ 2024
Item number P298
100 1# - MAIN ENTRY--PERSONAL NAME
Personal name Patiño Orozco, Yesica Alejandra.
245 10 - TITLE STATEMENT
Title Mortalidad asociada a tuberculosis en pacientes diabéticos notificados al INS de Colombia durante los años 2019-2021 /
Statement of responsibility, etc. Yesica Alejandra Patiño Orozco; Esteban Enrique Pájaro Espinosa; directores: Jaime Alberto Lorduy Gómez; Soraya Salas Romero.
260 ## - PUBLICATION, DISTRIBUTION, ETC.
Place of publication, distribution, etc. Cartagena de Indias :
Name of publisher, distributor, etc. Corporación Universitaria Rafael Nuñez,
Date of publication, distribution, etc. 2024.
300 ## - PHYSICAL DESCRIPTION
Extent 91 hojas.
504 ## - BIBLIOGRAPHY, ETC. NOTE
Bibliography, etc. note Trabajo de grado (Instrumentación quirúrgica). Corporación Universitaria Rafael Nuñez. Facultad de Ciencias de la Salud. Instrumentación Quirúrgica, 2024.
520 ## - SUMMARY, ETC.
Summary, etc. "La asociación entre tuberculosis y diabetes es un problema de salud pública a nivel mundial. Los pacientes que padecen ambas condiciones tienen mayor riesgo de mortalidad. En un adulto sano expuesto a una cantidad baja de bacterias, la inflamación granulomatosa detiene la infección antes de que se produzca una afectación pulmonar. Sin embargo, en pacientes con enfermedades como la diabetes la infección por tuberculosis es rápidamente progresiva causando intervalo de supervivencia más corto debido a la afectación del sistema inmunolgico."
650 #0 - SUBJECT ADDED ENTRY--TOPICAL TERM
Topical term or geographic name entry element Instrumentación quirúrgica
Form subdivision Tesis y disertaciones academicas.
700 1# - ADDED ENTRY--PERSONAL NAME
Personal name Pájaro Espinosa, Esteban Enrique .
700 1# - ADDED ENTRY--PERSONAL NAME
Personal name Lorduy Gómez, Jaime Alberto,
Relator term director.
700 1# - ADDED ENTRY--PERSONAL NAME
Personal name Salas Romero, Soraya,
Relator term director.
856 ## - ELECTRONIC LOCATION AND ACCESS
Uniform Resource Identifier <a href="https://unicurn.sharepoint.com/:b:/s/biblioteca/EUycrp2YHoNMkHS9d8oZKyQBbMjOYK49e7o7Zc6zTrM1Tw?e=nsvOx7">https://unicurn.sharepoint.com/:b:/s/biblioteca/EUycrp2YHoNMkHS9d8oZKyQBbMjOYK49e7o7Zc6zTrM1Tw?e=nsvOx7</a>
Public note Click aqui para ver el recurso en texto completo
942 ## - ADDED ENTRY ELEMENTS (KOHA)
Source of classification or shelving scheme Dewey Decimal Classification
Koha item type Trabajos de grado
Classification part INQ 2024
Item part P298
Existencias
Withdrawn status Lost status Source of classification or shelving scheme Damaged status Not for loan Collection Home library Current library Shelving location Date acquired Source of acquisition Cost, normal purchase price Inventory number Total checkouts Full call number Barcode Date last seen Price effective from Koha item type
    Dewey Decimal Classification     Trabajos de grado Miguel Henríquez Emiliani Miguel Henríquez Emiliani Trabajo de grado 06/01/2019 El autor 350000.00 025397   INQ 2024 P298 025397 06/20/2019 06/20/2019 Trabajos de grado